| 000 | 00807nam a2200265 a 4500 | ||
|---|---|---|---|
| 001 | BRL_1464 | ||
| 005 | 20190320211224.0 | ||
| 008 | 210114s1981----u--oa#####---#000-0#eng-# | ||
| 020 | _a0295953535 | ||
| 041 | _aeng | ||
| 044 | _au | ||
| 050 | 4 |
_aE99.E7 _b.R39 1981 |
|
| 100 | 1 |
_aRay, Jean Dorothy _927006 |
|
| 245 | 1 | 0 |
_aEskimo masks _bart and ceremony _cDorothy Jean Ray ; photographs by Alfred A. Blaker. |
| 260 |
_aSeattle _bUniversity of Washington _c1981 |
||
| 300 |
_avii, 246 p. _bil., fotogrfías (blanco y negro), mapas _c24 cm. |
||
| 500 | _aAu1809 | ||
| 504 | _aBibliografía: p. 223 - 235 | ||
| 650 | 1 | 4 |
_aArte Inuit _927007 |
| 650 | 1 | 4 |
_aInuit _xReligión _927008 |
| 650 | 1 | 4 |
_aEsquimales _xMáscaras _927009 |
| 700 | 1 |
_aBlaker, Alfred A. _eil. _927010 |
|
| 902 | _aGRL | ||
| 942 |
_2lcc _cB |
||
| 999 |
_c10274 _d10274 |
||